| 000 | 00875nam a22002057a 4500 | ||
|---|---|---|---|
| 999 |
_c274163 _d274163 |
||
| 008 | 201130b ||||| |||| 00| 0 eng d | ||
| 040 |
_bger _cDE-2950 _erda _aDE-2950 |
||
| 041 | _ager | ||
| 100 | _aKupke, Camillo. | ||
| 245 |
_aDie Rätselhafte aus Himmelpfort. _b... die reiche Witwe Antoinette Flegenheim, eine gebürtige Brandenburgerin, war eine von 22 Deutschen an Bord der Titanic - und überlebte die Schiffskatastrophe / _cCamillo Kupke |
||
| 264 | _c2021 | ||
| 490 |
_aBrandenburger Blätter _v17./18. 07.2021 |
||
| 653 | _aFlegenheim, Antoinette | ||
| 653 | _aTitanic-Überlebende | ||
| 773 |
_dFrankfurt (Oder): Märkisches Verlags- und Druckhaus GmbH & Co KG _g32. Jahrgang (2021) Nr. 164 vom 17./18.07.2021, Journal am Wochenende, S. 5: Foto _tMärkische Oderzeitung |
||
| 942 | _cA | ||